[Event "Campeonato España Absoluta"]
[Site "Ayamonte"]
[Date "2007.11.11"]
[Round "3.1"]
[White "Del Rio de Angelis, Salvador"]
[Black "Khamrakulov, Ibragim"]
[Result "1/2-1/2"]
[WhiteElo "2512"]
[BlackElo "2604"]
[PlyCount "40"]
[EventDate "2007.??.??"]
[SourceDate "2007.11.09"]

1. e4 c6 2. d4 d5 3. exd5 cxd5 4. c4 Nf6 5. Nc3 Nc6 6. Bg5 e6 7. Nf3 Be7 8. c5
O-O 9. Rc1 Ne4 10. Bxe7 Qxe7 11. Be2 Rd8 12. O-O e5 (12... Nxc3 13. Rxc3 e5 14.
Nxe5 Nxe5 15. Re3 Be6 16. Rxe5 b6 17. b4 a5 18. a3 axb4 19. axb4 bxc5 20. bxc5
Qd7 21. Bd3 Ra4 22. f4 Bg4 23. c6 Qa7 24. Bxh7+ Kxh7 25. Qxg4 Qxd4+ 26. Kh1 Qb6
27. Qh4+ Kg8 28. Rh5 f6 29. Rh8+ Kf7 30. Qh5+ Ke7 31. Qg6 Rxh8 32. Qxg7+ Kd6
33. Qxf6+ Kc5 34. Qxh8 Rxf4 35. Qc3+ Kd6 36. Qg3 {
1-0 Contin,D-Sansonetti,G/Nereto 1998/EXT 2000}) (12... f6 13. Re1 Nxc3 14.
Rxc3 e5 15. dxe5 fxe5 16. Qd2 Qf6 17. Bb5 e4 18. Bxc6 bxc6 19. Nd4 Ba6 20. Qe3
Rab8 21. Ra3 Bd3 22. Rxa7 Rb4 23. Nf3 Rxb2 24. h3 d4 25. Qg5 exf3 26. Rxg7+
Qxg7 27. Qxd8+ Qf8 28. Re8 Rb1+ 29. Kh2 Qxe8 30. Qxe8+ Kg7 31. Qe5+ Kg8 32.
gxf3 Bc4 33. Qg5+ Kh8 34. Qd8+ Kg7 35. Qxd4+ {
1-0 Janosevic,D-Tot,B/Ljubljana 1960/MCD}) 13. Nxe5 Nxe5 14. dxe5 Nxc3 15. Rxc3
d4 16. Rc2 Qxe5 17. Bd3 {Así terminó la Liberzon-Zaitsev, URSS Alama Ata 1968}
Be6 18. b4 a5 19. b5 Rac8 20. Re1 {Diagrama #} Qg5 {
Podría seguir 21.Dc1 dxc1 22.Texc1 Rf8 con igualdad} 1/2-1/2

[Event "Campeonato de España Absoluto"]
[Site "Ayamonte"]
[Date "2007.11.12"]
[Round "4.2"]
[White "Oms Pallise, Josep"]
[Black "Lopez Martinez, Josep"]
[Result "0-1"]
[WhiteElo "2506"]
[BlackElo "2563"]
[PlyCount "158"]
[EventDate "2007.??.??"]
[SourceDate "2007.11.09"]

1. d4 g6 2. c4 Bg7 3. e4 c5 4. d5 d6 5. Nc3 e6 6. Bd3 Ne7 7. h4 (7. Nf3 O-O (
7... exd5 8. cxd5 Bg4 9. h3 $14) (7... a6 8. O-O O-O 9. Bf4 e5 10. Be3 $14) 8.
O-O Nd7 9. h3 a6 10. a4 b6 11. Ra3 Ne5 12. Nxe5 Bxe5 13. Bh6 Re8 14. Qd2 exd5
15. cxd5 Rb8 $14) (7. Bf4 O-O 8. Nf3 e5 9. Bd2 $14 Nd7 10. g4 Nf6 11. h3 $14) (
7. Bg5 Nd7 8. Nf3 Ne5 9. Nxe5 Bxe5 10. Qd2 Bd4 11. Ne2 Bg7 12. O-O h6 13. Be3
e5 14. Rab1 $14) (7. h3 O-O 8. Nf3 exd5 9. cxd5 a6 10. a4 f5 11. O-O h6 12. Re1
Nd7 13. Bf4 fxe4 14. Bxd6 $14 {1-0 Novikov,I-Radziewicz,I/Koszalin 1999}) (7.
Nge2 $6 exd5 8. cxd5 O-O 9. O-O Nd7 10. Ng3 Ne5 11. Bc2 f5 12. exf5 Nxf5 $11 {
1-0 Bobotsov,M-Barendregt,J/Marianske Lazne 1961}) 7... h5 (7... exd5 8. cxd5
h5 9. Bf4 O-O 10. Qd2 a6 11. a4 Re8 12. Nge2 $14 Qc7 13. Bc4 Nd7 14. O-O Ne5
15. Bxe5 Bxe5 16. f4 Bg7 17. f5 gxf5 18. Qg5 fxe4 19. Nf4 Bg4 20. Nxe4 Ng6 21.
Ne6 Qe7 22. Nf6+ Kh8 23. Rae1 fxe6 24. Qxg6 Bxf6 25. Rxf6 Qg7 26. dxe6 $14 {
1-0 Kaidanov,G-Ivanov,A/New York 1990}) 8. Nf3 (8. Bg5 $1 e5 9. Nge2 Nd7 10.
Qd2 Nf6 11. f3 a6 {0-1 Avrukh,B-Ivanisevic,I/Istanbul 2000} 12. Nd1) (8. f3 e5
9. Nh3 Nd7 10. Be3 Ng8 11. g3 $14 Nf8 12. Qc2 Bh6 13. Bf2 Bd7 14. Ng1 Nh7 15.
a3 Ne7 16. b4 b6 17. Nd1 Kf8 18. Ne3 Kg7 19. Ne2 Qc8 20. f4 $14 f6 21. Nd1 Rf8
22. Be3 Rf7 23. Rf1 Ng8 24. Qd2 Re7 25. Ng1 f5 26. fxe5 Rxe5 27. exf5 Qe8 28.
Rf3 Nhf6 29. Ne2 gxf5 30. Bxh6+ Nxh6 31. Qg5+ Qg6 32. Ne3 Rae8 33. Ng2 Nhg4 34.
Ngf4 Qxg5 35. hxg5 Ne4 36. Nxh5+ Kg6 37. Nef4+ Kxg5 38. O-O-O Nef2 39. Rd2 Re1+
40. Kc2 Nxd3 41. Rdxd3 Ne3+ 42. Kb3 b5 43. Ne6+ Bxe6 44. Rdxe3 bxc4+ 45. Kc3
cxb4+ 46. axb4 Rxe3+ 47. Rxe3 Bf7 48. Rxe8 Bxe8 49. Nf4 Kg4 50. Ne2 Bd7 51.
Kxc4 Kf3 52. Nf4 Kxg3 53. Nh5+ Kf3 54. Nf6 Ba4 55. b5 Kf4 56. Nd7 Ke4 57. Nc5+
Ke3 58. Nxa4 f4 59. Nb2 {1/2-1/2 Gerusel,M-Eising,J/Voelklingen 1970}) 8...
exd5 9. cxd5 O-O 10. Bf4 a6 11. a4 Bg4 12. Be2 Qb6 13. Qd2 Bxf3 14. Bxf3 Nd7
15. Be2 Ne5 16. O-O f5 17. Bg5 Rae8 18. a5 Qc7 19. f3 fxe4 20. fxe4 Qd7 21.
Rxf8+ Rxf8 22. Rf1 Rxf1+ 23. Kxf1 Kh7 24. Nd1 Ng8 25. b3 Nh6 26. Nf2 Nhf7 27.
Bf4 Bf6 28. g3 Bd8 29. Kg2 Kg7 30. Qc3 Kg8 31. Bd2 Bf6 32. Qc2 Qe7 33. Nh3 (33.
b4 $5 cxb4 34. Qc8+ Kh7 35. Bxb4 $14) 33... Nd7 34. Nf4 Nf8 35. Bc4 Ne5 36. Ne6
Nxc4 (36... Nxe6 37. dxe6 Nc6 38. Bd5 Kg7 39. Qc4 Ne5 40. Qf1 Ng4 41. b4 $16)
37. Qxc4 Nd7 (37... Kf7 38. Ng5+ Bxg5 39. Bxg5 Qe5 40. Bf4 Qf6 41. b4 $16) 38.
Bf4 Be5 39. Bg5 Bf6 40. Bf4 Be5 41. Bd2 Bf6 42. b4 $1 Ne5 43. Qc2 cxb4 {
Diagrama #} 44. Bxb4 $6 (44. Qc8+ Kh7 45. Bxb4 $16) 44... Qd7 45. Bd2 Qb5 46.
Bf4 Qc4 47. Qxc4 Nxc4 48. Kf3 Kf7 49. Ke2 Ke7 50. Bh6 $2 (50. Bd2 Nxd2 51. Kxd2
Be5 52. Nf4 Kf6 53. Kd3) 50... Nxa5 51. Bf8+ Kd7 52. Nf4 Be5 53. Nxg6 Bxg3 54.
Kf3 Be5 55. Nf4 Bxf4 56. Kxf4 Nc4 57. Bg7 b5 58. Kf3 Ne5+ {Diagrama #} 59. Ke2
(59. Bxe5 dxe5 60. Ke2 a5 61. Kd3 a4 62. Kc3 Kc7 63. Kb4 Kd6 64. Kc3 Kc5 65.
Kc2 b4 66. Kb2 b3 67. Kc3 Kb5 68. Kb2 Kb4 69. d6 a3+ 70. Kc1 Kc3 71. d7 b2+ 72.
Kb1 Kb3 73. d8=Q a2#) 59... a5 60. Kd1 Ke7 61. Kc2 Nf3 62. Bh6 Kd7 63. Bg5 Kc7
64. Be7 Ne5 65. Kc3 Nd7 66. Kd4 b4 67. Kc4 Ne5+ 68. Kb3 Nd3 69. Kc4 Ne5+ 70.
Kb3 {Diagrama #} Ng6 (70... Ng4 71. Kc4 Nf2) 71. Bf6 Nf4 72. Kc4 Ng6 73. Kb5
Ne5 74. Ka4 Nd3 75. Bd4 Kb7 76. Kb3 Ka6 77. Kc4 Ne5+ 78. Bxe5 dxe5 79. Kc5 b3
0-1

[Event "Campeonato de España Absoluto"]
[Site "Ayamonte"]
[Date "2007.11.14"]
[Round "6.2"]
[White "Illescas Cordoba, Miguel"]
[Black "San Segundo Carrillo, Pablo"]
[Result "1/2-1/2"]
[WhiteElo "2598"]
[BlackElo "2536"]
[PlyCount "48"]
[EventDate "2007.??.??"]
[SourceDate "2007.11.09"]

1. e4 c5 2. Nf3 Nc6 3. d4 cxd4 4. Nxd4 Nf6 5. Nc3 e5 6. Ndb5 d6 7. Bg5 a6 8.
Na3 b5 9. Nd5 Be7 10. Bxf6 Bxf6 11. c3 Bg5 12. Nc2 Ne7 13. Ncb4 O-O 14. a4 bxa4
15. Qxa4 Nxd5 16. Nxd5 Bd7 17. Qc2 (17. Qa5 Qb8 18. Qb6 Be6 19. Bc4 Bxd5 20.
Qxb8 Raxb8 21. Bxd5 Rxb2 22. O-O Rb6 23. Rfb1 Rfb8 24. Rxb6 Rxb6 25. Bc4 h5 26.
g3 Rc6 27. Bd5 Rb6 28. Bc4 Bd2 29. Rxa6 Rxa6 {
1/2-1/2 Prasad,D-Shariyazdanov,A/Biel 1999/EXT 2000}) 17... a5 18. Bc4 Rb8 (
18... Qb8 19. O-O Rc8 20. Qe2 Qb7 21. b3 Be6 22. Ra2 Bd8 23. Rfa1 Kf8 24. h3
Qc6 25. Bb5 Qb7 26. Bc4 Qc6 27. Bb5 {
1/2-1/2 Lukin,A-Shariyazdanov,A/St Petersburg 2001/CBM 082 ext}) (18... Bc6 19.
O-O Qb8 20. Ra3 Qb7 21. Rfa1 a4 22. Re1 Ra5 23. Qe2 Bd8 24. Raa1 g6 25. Kh1 Kg7
26. Rad1 a3 27. b4 Ra7 28. f3 Bxd5 29. Bxd5 Qc8 30. Qc2 Bb6 31. Qb3 Qd8 32. Qc2
Qg5 33. Ba2 Rc8 34. Rxd6 Bd4 35. c4 Qe7 36. Rxd4 exd4 37. c5 Rb8 38. Qd2 Ra4
39. Qxd4+ Kg8 40. Rb1 Qd8 41. Qc4 Raxb4 42. Qxf7+ Kh8 43. Rg1 R4b7 44. Qc4 Qf6
45. h3 {1/2-1/2 Korneev,O-Cherniaev,A/Catalan Bay 2003/CBM 092 ext}) 19. Qe2 a4
20. O-O Qc8 21. Nb4 Bd8 22. Rfd1 Bb6 {Diagrama #} 23. Nd5 (23. Rd2 Bc5 24. Na6
Rb6 25. Nxc5 Qxc5 26. Bd5 Bc6 27. Ra2 a3 28. Rxa3 Rxb2 29. Rxb2 Qxa3 $11) 23...
Qd8 24. Nxb6 Rxb6 $11 1/2-1/2

[Event "Campeonato de España Absoluto"]
[Site "Ayamonte"]
[Date "2007.11.14"]
[Round "6.2"]
[White "Lopez Martinez, Josep"]
[Black "Khamrakulov, Ibragim"]
[Result "1/2-1/2"]
[WhiteElo "2563"]
[BlackElo "2604"]
[PlyCount "45"]
[EventDate "2007.??.??"]
[SourceDate "2007.11.09"]

1. e4 c6 2. d4 d5 3. Nc3 dxe4 4. Nxe4 Nd7 5. Ng5 Ngf6 6. Bd3 e6 7. N1f3 Bd6 8.
Qe2 h6 9. Ne4 Nxe4 10. Qxe4 Nf6 11. Qe2 Qc7 12. Bd2 b6 13. O-O-O Bb7 14. Kb1
O-O-O 15. c4 c5 16. Bc3 Rhe8 17. Rhe1 Kb8 18. dxc5 (18. g3 Ka8 19. Bc2 a6 20.
dxc5 Bxc5 21. Ne5 Rc8 22. Rd2 Red8 23. Red1 Rxd2 24. Rxd2 Bf8 25. f4 h5 26. h3
Bc5 27. a3 Bf8 28. g4 hxg4 29. hxg4 Bd6 30. Ka1 Ne8 31. Ba4 Nf6 32. Bc2 Ne8 33.
Rd4 f6 34. Ng6 e5 35. fxe5 fxe5 36. Rd2 Qxc4 37. Qxc4 Rxc4 38. Nxe5 Rxc3 39.
bxc3 Bxe5 40. Rd8+ Ka7 41. Rxe8 Bxc3+ 42. Kb1 b5 43. Be4 Bxe4+ 44. Rxe4 a5 45.
Kc2 Bf6 46. a4 bxa4 47. Rxa4 Kb6 48. Kb3 Kb5 49. Rf4 Kc5 50. Rf5+ Kd4 51. Rxa5
Ke4 52. Rf5 Be5 53. Rf1 g5 54. Kc4 Bf4 55. Kc5 Ke3 56. Kd5 Ke2 57. Rg1 Kf2 58.
Rb1 Kf3 59. Rg1 Kf2 60. Rb1 Kf3 {
1/2-1/2 Sokolov,A-Spraggett,K/Saint John 1988/Candidates}) (18. Bc2 Ka8 19.
dxc5 Qxc5 20. Ne5 Bxe5 21. Bxe5 Qe7 22. f3 Rxd1+ 23. Rxd1 Rd8 24. a3 Ne8 25.
Ba4 f6 26. Bc3 Rxd1+ 27. Qxd1 Qd6 28. Bb4 Qxd1+ 29. Bxd1 Bc6 30. Bf8 h5 31. h4
Kb8 32. b4 a6 33. Bb3 Kc7 34. c5 bxc5 35. Bxe6 cxb4 36. axb4 g5 37. Bf7 gxh4
38. Bxh5 Kd8 39. Bc5 h3 40. gxh3 Ng7 41. Bf7 Bxf3 42. h4 Kd7 43. Bc4 Bb7 44.
Be2 Ne6 45. Bf2 Nf4 46. Bg4+ Ke7 47. Be3 Ng2 48. Bf2 Nf4 49. Bf5 Bf3 50. Kc2
Ne6 51. Kd3 Bc6 52. Be3 Ng7 53. Bg6 Bf3 54. Bc5+ Ke6 55. Bf8 Bh5 56. Be4 Nf5
57. Bb7 Nxh4 58. Bxa6 Kd7 59. Bc5 Ng6 60. Bb5+ Kc7 61. Kd4 Ne5 62. Be7 Nc6+ 63.
Bxc6 {1/2-1/2 Meier,G-Kharitonov,A/Aviles 2003/EXT 2004}) 18... Bxc5 19. Bc2
Rxd1+ 20. Rxd1 Rd8 {Diagrama #} 21. Rxd8+ (21. Be5 Bd6 22. Qd3 Ne4 $5 (22...
Ne8 23. Ba4 Kc8 $11) 23. Qe3 (23. Qd4 $6 f6 $17 24. Bxe4 $6 fxe5 25. Nxe5 Be7
26. Nd7+ Rxd7 27. Qxd7 Bxe4+) 23... Bxe5 24. Rxd8+ Qxd8 25. Nxe5 f6 26. Nf3 e5
$15) 21... Qxd8 22. b4 (22. Ne5 $5 Ne4 23. Bxe4 Bxe4+ 24. Ka1 Bxg2 25. Nxf7 Qd7
26. Ne5 Qd6 27. f4 Bb7 $14) 22... Bd6 23. a3 1/2-1/2

[Event "Campeonato de España Absoluto"]
[Site "Ayamonte"]
[Date "2007.11.14"]
[Round "6.2"]
[White "Illescas Cordoba, Miguel"]
[Black "San Segundo Carrillo, Pablo"]
[Result "1-0"]
[WhiteElo "2598"]
[BlackElo "2536"]
[PlyCount "43"]
[EventDate "2007.??.??"]
[SourceDate "2007.11.09"]

1. e4 c5 2. Nf3 Nc6 3. Bb5 g6 4. O-O Bg7 5. c3 Nf6 6. Re1 O-O 7. h3 e5 8. d4
cxd4 9. cxd4 exd4 10. e5 Nd5 11. Bg5 Qb6 12. Bc4 (12. Na3 h6 (12... Nc7 13. Qb3
a6 14. Bc4 Qxb3 15. Bxb3 b5 16. Nc2 Ne6 17. Bd5 Bb7 18. Be7 Nxe7 19. Bxb7 Rab8
20. Be4 Rfd8 21. Rad1 d6 22. Ncxd4 Nxd4 23. Nxd4 dxe5 24. Nc6 Nxc6 25. Bxc6 e4
26. Rxd8+ Rxd8 27. Rxe4 Rd1+ 28. Kh2 Bxb2 29. a4 bxa4 30. Rxa4 Be5+ 31. g3 Rd2
32. Kg2 Bd4 33. Rxa6 Rxf2+ 34. Kh1 h5 35. Ra3 Kg7 36. Rd3 Be5 37. Kg1 Rb2 38.
Bd5 f5 39. Be6 Kf6 40. Bd7 Kg5 41. Kh1 Re2 42. Bb5 h4 43. gxh4+ Kxh4 44. Rd4+
Bxd4 45. Bxe2 Kxh3 46. Bd3 Be5 47. Bc2 Kg3 48. Bd3 Kf3 49. Bc2 Ke2 50. Kg2 f4
51. Be4 {1/2-1/2 Hernandez,G-San Segundo Carrillo,P/Mallorca 2004/CBM 104}) 13.
Bh4 Nf4 14. Qd2 Ne6 15. Rac1 a6 16. Bxc6 dxc6 17. Be7 Re8 18. Nc4 Qa7 19. Bf6
Bd7 20. Nd6 c5 21. Nh2 Nc7 22. Bxg7 Kxg7 23. Qf4 Rf8 24. Qf6+ Kh7 25. Qe7 Be6
26. Qxc7 b6 27. Qxa7 Rxa7 28. a3 Rc7 29. Red1 Rd8 30. Rxd4 {
1-0 Kovalevskaya,E-Polovnikova,E/Elista 2000/CBM 076 ext}) 12... Qc5 (12...
Qxb2 13. Bxd5 Qxa1 14. Qb3 a5 15. Bd2 a4 16. Qb5 a3 17. Nxa3 Qxe1+ 18. Bxe1
Rxa3 19. Bb4 Nxb4 20. Qxb4 Rd3 21. Bxb7 Bxb7 22. Qxb7) 13. Bxd5 Qxd5 14. Nc3
Qa5 15. Ne4 d6 (15... Nxe5 16. Nxe5 Qxe5 17. Nf6+ Bxf6 18. Rxe5 Bxe5 19. Be7
Re8 20. Bc5 Re6 $14) 16. Nf6+ {Diagrama #} Kh8 (16... Bxf6 17. Bxf6 (17. exf6
Bd7 18. Qb3 Qb6) 17... Nxe5 18. Nxe5 dxe5 19. Bxe5 Rd8 20. Bf6 Be6 21. Qc1 Qf5
22. Bxd8 Rxd8 23. Qc7 Rd7 24. Qb8+ Kg7 25. Qxa7 d3 26. Qe3 d2 27. Red1 Rd3 28.
Qe2 Qd5 $11) 17. Re4 $1 Nxe5 (17... dxe5 18. Rh4 h6 19. Qc1 h5 20. g4 $18) 18.
Nxe5 dxe5 19. Rh4 h6 20. Qc1 h5 21. Qd1 Bg4 22. Qxg4 {Diagrama #} 1-0

[Event "Campeonato de España Absoluto"]
[Site "Ayamonte"]
[Date "2007.11.14"]
[Round "6.2"]
[White "Lopez Martinez, Josep"]
[Black "Khamrakulov, Ibragim"]
[Result "1-0"]
[WhiteElo "2563"]
[BlackElo "2604"]
[PlyCount "75"]
[EventDate "2007.??.??"]
[SourceDate "2007.11.09"]

1. e4 c6 2. d4 d5 3. Nc3 dxe4 4. Nxe4 Nd7 5. Ng5 Ngf6 6. Bd3 e6 7. N1f3 Bd6 8.
Qe2 h6 9. Ne4 Nxe4 10. Qxe4 Nf6 11. Qe2 Qc7 12. Bd2 b6 13. O-O-O Bb7 14. Kb1
O-O-O 15. c4 c5 16. Bc3 cxd4 (16... Rhe8 17. Rhe1 Kb8 18. g3 Ka8 19. Bc2 a6 20.
dxc5 Bxc5 21. Ne5 Rc8 22. Rd2 Red8 23. Red1 Rxd2 24. Rxd2 Bf8 25. f4 h5 26. h3
Bc5 27. a3 Bf8 28. g4 hxg4 29. hxg4 Bd6 30. Ka1 Ne8 31. Ba4 Nf6 32. Bc2 Ne8 33.
Rd4 f6 34. Ng6 e5 35. fxe5 fxe5 36. Rd2 Qxc4 37. Qxc4 Rxc4 38. Nxe5 Rxc3 39.
bxc3 Bxe5 40. Rd8+ Ka7 41. Rxe8 Bxc3+ 42. Kb1 b5 43. Be4 Bxe4+ 44. Rxe4 a5 45.
Kc2 Bf6 46. a4 bxa4 47. Rxa4 Kb6 48. Kb3 Kb5 49. Rf4 Kc5 50. Rf5+ Kd4 51. Rxa5
Ke4 52. Rf5 Be5 53. Rf1 g5 54. Kc4 Bf4 55. Kc5 Ke3 56. Kd5 Ke2 57. Rg1 Kf2 58.
Rb1 Kf3 59. Rg1 Kf2 60. Rb1 Kf3 {
1/2-1/2 Sokolov,A-Spraggett,K/Saint John 1988/Candidates}) 17. Nxd4 a6 18. Nf3
Kb8 19. Ne5 Ka7 20. f4 Qe7 (20... Bc5 21. Bc2 $14) 21. Rhf1 Bc5 22. g4 $14 {
Diagrama #} Bd4 $2 (22... Rhg8 23. g5 Nd7 24. g6 Nxe5 25. fxe5 fxg6 26. Bxg6
Rgf8) 23. Bxd4 Rxd4 24. g5 $18 Nd7 (24... Ne8 25. f5) 25. Qe3 Rd6 26. g6 Nc5 {
Diagrama #} 27. gxf7 (27. Nxf7 $2 Rxd3 28. Rxd3 Be4 29. Rfd1 Bxd3+ 30. Rxd3
Nxd3 31. Nxh8 Qd7 $14) 27... Rhd8 28. Bc2 Ne4 29. Rxd6 Nxd6 30. Bg6 Qf6 31. Rc1
Nf5 32. Bxf5 Qxf5+ 33. Ka1 g5 34. fxg5 Be4 35. f8=Q Rxf8 36. Nd7 Qf2 37. Qxe4
Qd2 38. Nxf8 1-0

[Event "Campeonato de España Absoluto"]
[Site "?"]
[Date "2007.11.14"]
[Round "6.4"]
[White "San Segundo Carrillo, Pablo"]
[Black "Illescas Cordoba, Miguel"]
[Result "1/2-1/2"]
[WhiteElo "2536"]
[BlackElo "2598"]
[PlyCount "50"]
[SourceDate "2007.11.09"]

1. d4 d5 2. c4 c6 3. Nf3 Nf6 4. Nc3 dxc4 5. a4 Bf5 6. Ne5 e6 7. f3 c5 8. e4 Bg6
9. Be3 cxd4 10. Qxd4 Qxd4 11. Bxd4 Nfd7 12. Nxd7 Nxd7 13. Bxc4 Rc8 14. Ba2 a5
15. Ke2 Rg8 16. h4 h5 $14 17. Nb5 Bc5 $6 (17... Rc2+ 18. Kf1 Bc5) 18. Bc3 b6
19. Rhd1 $16 Ke7 20. Rd2 f6 21. Rad1 Rgd8 {Diagrama #} 22. Na7 Rc7 23. Nb5 Rcc8
24. Nd6 Rb8 25. Nb5 Rbc8 {Illescas reclamó tablas indicando que iba a jugar 25.
..Tbc8. No se anotaban las jugadas. Illescas indicó la secuencia que
justificaba su petición y San Segundo aceptó la misma. Tras ello el árbitro
certificó las tablas.} 1/2-1/2

[Event "Campeonato de España Absoluto"]
[Site "Ayamonte"]
[Date "2007.11.15"]
[Round "7.1"]
[White "Lopez Martinez, Josep"]
[Black "Illescas Cordoba, Miguel"]
[Result "0-1"]
[WhiteElo "2563"]
[BlackElo "2598"]
[PlyCount "140"]
[EventDate "2007.??.??"]
[SourceDate "2007.11.09"]

1. e4 c5 2. Nf3 Nc6 3. Bb5 e6 4. O-O Nge7 5. Re1 a6 6. Bf1 d5 7. exd5 Nxd5 8.
d4 Be7 9. dxc5 O-O 10. a3 a5 11. Nd4 (11. c4 Nf6 12. Nc3 Qxd1 13. Rxd1 Nd7 14.
Na4 Nxc5 15. Nxc5 Bxc5 16. Bf4 Re8 17. Ne5 Nxe5 18. Bxe5 a4 19. Be2 f6 20. Bd6
Ra5 21. Rd2 e5 22. Rd5 b6 23. Bxc5 Rxc5 24. Rd6 Re6 25. Rad1 Kf7 26. h3 Ba6 27.
Bg4 Rxd6 28. Rxd6 Bxc4 29. Rxb6 Bb3 30. Bd7 Ke7 31. Rb7 Kd6 32. Be8 Rc8 33. Bb5
Rc1+ 34. Kh2 Rc2 35. Kg3 Kc5 36. Be8 g5 37. Rb5+ Kd6 38. Rb4 f5 39. Bxa4 f4+
40. Kg4 Bxa4 41. Rxa4 Rxf2 42. Ra6+ Kd5 43. Kxg5 Rxg2+ {
0-1 Trois,F-Timman,J/Buenos Aires 1978}) 11... Nxd4 12. Qxd4 Qc7 13. Nc3 Nxc3
14. Qxc3 Qxc5 15. Qxc5 (15. Qh3 $5 e5 16. Qg3) 15... Bxc5 16. Rd1 b6 17. Bf4
Bb7 18. Bb5 Rfd8 19. Bc7 Rd5 20. c4 $6 (20. Rxd5 $11) 20... Rg5 21. Bg3 h5 $15
22. b4 $5 (22. Rd7 Be4 23. Re1 f5 24. Kf1 h4 25. Bxh4 Bxg2+ 26. Kg1 Rg4 27. Bg3
Bh3 28. Bc6 Rf8 $15) 22... axb4 23. axb4 Rxa1 24. Rxa1 Bxb4 25. h4 {Diagrama #}
(25. f3 $5 Bxf3 26. gxf3 h4) 25... Rxg3 $5 (25... Rg6 26. Ra7 Be4 27. Kh2 Bc5
$17) 26. fxg3 Bc5+ 27. Kh2 (27. Kf1) 27... Be4 28. Rd1 Kf8 29. Rd7 e5 30. Ba4
Bf5 31. Rd5 Bd4 32. Rd8+ Ke7 33. Rg8 g6 34. Re8+ Kd6 35. Bd1 Be6 36. Be2 e4 37.
Ra8 Kc5 38. Re8 Be5 39. Rd8 Kb4 40. Re8 Kc3 41. Kg1 Bxg3 42. Kf1 {Diagrama #}
Kd2 $6 (42... Kd4 {seguido de Axh4}) 43. Ra8 Be5 44. Re8 Bd4 45. g4 (45. Rxe6
$2 fxe6 46. g4 g5 $19) 45... hxg4 46. Rxe6 fxe6 47. Bxg4 Kd3 {Diagrama #} 48.
Be2+ $2 ({la última posibilidad de tablas era} 48. Bxe6 $5 e3 49. Bg4 Kxc4 50.
Ke2 $17 {tras el cambio de los peones g y h el alfil se situaría en f5 y el
rey en e2-d1 y el final sería tablas.}) 48... Kc3 49. Kg2 (49. Ke1 Bf6 50. h5
gxh5 51. c5 bxc5 52. Bxh5 c4 53. Kd1 Kb2 54. Bg6 e3 55. Be4 c3 56. Bd3 Bd4 57.
Be4 e2+ $19) 49... Bf6 50. Kf2 Bd4+ (50... Kd4 51. h5 e3+ 52. Ke1 gxh5 53. Bxh5
Kxc4 54. Ke2 Bd4 55. Kd1 b5 56. Kc2 b4 57. Be2+ Kd5 58. Kb3 Bc5 59. Kc2 Ke4 60.
Bg4 e5) 51. Kf1 Bc5 52. Kg2 Kd4 53. Kf1 Be7 54. h5 gxh5 55. Bxh5 Kxc4 56. Ke2
Bg5 57. Bf7 Kd5 58. Be8 Kc5 59. Bf7 e5 60. Bg6 e3 61. Kd3 b5 62. Bh5 (62. Bf5
Kb4 63. Bd7 e4+ 64. Ke2 Kc5) 62... Kb4 63. Be8 e4+ 64. Ke2 Kc5 65. Kd1 (65. Bg6
Kd4 66. Be8 b4 67. Bf7 Kc3 68. Bd5 b3 69. Bxe4 Kb2 70. Kd1 Ka1) 65... b4 66.
Bf7 Kd4 67. Ke2 Kc3 68. Bd5 b3 69. Bxe4 {Diagrama #} Kb2 {si en esta posición
el alfil estuviera en d5 el blanco empataría con Rd1, o si el rey estuviera en
d1 se empataría con Ad5, peor la captura de e4 da paso a un final ganado por
el negro} 70. Bd5 (70. Kd1 Ka1) 70... Kc2 0-1

[Event "Campeonato de España Absoluto"]
[Site "Ayamonte"]
[Date "2007.11.15"]
[Round "7.1"]
[White "San Segundo Carrillo, Pablo"]
[Black "Khamrakulov, Ibragim"]
[Result "1/2-1/2"]
[WhiteElo "2536"]
[BlackElo "2604"]
[PlyCount "29"]
[EventDate "2007.??.??"]
[SourceDate "2007.11.09"]

1. d4 Nf6 2. c4 e6 3. Nf3 b6 4. g3 Ba6 5. b3 b5 6. cxb5 Bxb5 7. Nc3 Ba6 8. Bg2
d5 9. b4 Be7 (9... c6 10. Rb1 Nbd7 11. O-O Bd6 12. Re1 O-O 13. Bf4 Bxf4 14.
gxf4 Bc4 15. a3 a5 16. e3 axb4 17. axb4 Qe7 18. b5 cxb5 19. Nxb5 Ne4 20. Nd2
Nxd2 21. Qxd2 Ra2 22. Qd1 Qh4 23. Qf3 Nf6 24. Qg3 Qxg3 25. hxg3 Bd3 26. Rb3 Rb8
27. Rxd3 Rxb5 28. Rdd1 g6 {1/2-1/2 Gyimesi,Z-Dautov,R/Germany 1997/GER-chT}) (
9... Bd6 10. O-O O-O 11. Rb1 Nbd7 12. Qc2 Qe7 13. a3 Bc4 14. Nd2 Ba6 15. Rd1 c6
16. e4 e5 17. Nb3 Rac8 18. Bb2 Rfe8 19. Rbc1 Bc4 20. dxe5 Bxe5 21. Na5 Nb6 22.
Ba1 Qf8 23. Re1 Ba6 24. exd5 cxd5 25. Qb3 Bc4 26. Nxc4 dxc4 27. Qc2 Bd4 28. Nb5
Rxe1+ 29. Rxe1 Bxa1 30. Rxa1 Qe7 31. Nd4 Qe5 32. Rd1 Rd8 33. Nc6 Rxd1+ 34. Qxd1
Qc7 35. Qd4 h6 36. a4 Nxa4 37. Qxc4 Nb6 38. Qa6 Qd6 39. Qxa7 Qd1+ 40. Bf1 Nbd5
41. Ne5 Qh5 42. Qb8+ Kh7 43. Bd3+ g6 44. Nxf7 Kg7 45. Qb7 Qd1+ 46. Bf1 h5 47.
Ng5+ Kh6 48. Ne6 Ne8 49. Qf7 {1-0 Anand,V-Karpov,A/Frankfurt 1997/CBM 058 ext})
10. O-O O-O 11. Rb1 Nbd7 12. Re1 (12. b5 Bb7 13. Bf4 $14) 12... c6 13. Bf4 Bc4
14. Nd2 Nb6 15. b5 {Diagrama #} 1/2-1/2

[Event "Campeonato de España Absoluto"]
[Site "?"]
[Date "2007.11.16"]
[Round "8.3"]
[White "San Segundo Carrillo, Pablo"]
[Black "Khamrakulov, Ibrahim"]
[Result "0-1"]
[WhiteElo "2536"]
[BlackElo "2604"]
[PlyCount "106"]
[SourceDate "2007.11.09"]

1. d4 Nf6 2. c4 e6 3. Nc3 Bb4 4. Nf3 O-O 5. Bg5 h6 6. Bh4 d5 7. cxd5 exd5 8.
Qc2 Be6 9. e3 Nbd7 10. Be2 c5 11. O-O Rc8 12. Qb3 a5 13. a3 cxd4 14. exd4 Be7
15. Rac1 Qb6 16. Qb5 g5 17. Bg3 Qxb5 18. Nxb5 Ne4 19. Bc7 Bd8 20. h3 Bxc7 21.
Nxc7 Nb6 22. b3 a4 23. b4 Nc4 24. Nxe6 fxe6 25. Bxc4 Rxc4 26. Rxc4 dxc4 27. Re1
Rf4 28. Re3 b5 29. Kf1 h5 30. Ke1 g4 31. hxg4 hxg4 {Diagrama #} 32. g3 (32. Ne5
Nxf2 33. g3 Rf5 34. Re2 Nh1 35. Re4 $11) 32... c3 33. Ne5 c2 34. Nd3 Rf3 35.
Nc1 Rxe3+ 36. fxe3 Nxg3 37. Kd2 Nf5 38. Ne2 Kf7 39. e4 Nd6 40. Ng3 Nc4+ 41.
Kxc2 Nxa3+ 42. Kc3 Nc4 43. Ne2 Kf6 44. Ng3 Kg5 45. Ne2 Kh4 46. e5 g3 47. d5
exd5 48. e6 g2 49. Kd4 Nd6 50. Kxd5 Ne8 51. Kd4 Kg4 52. Ng1 Kg3 53. Ke3 a3 {
Diagrama #} 0-1

[Event "Campeonato de España Absoluto"]
[Site "Ayamonte"]
[Date "2007.11.16"]
[Round "9.1"]
[White "Illescas Cordoba, Miguel"]
[Black "Lopez Martinez, Josep"]
[Result "1-0"]
[WhiteElo "2598"]
[BlackElo "2563"]
[PlyCount "43"]
[EventDate "2007.??.??"]
[SourceDate "2007.11.09"]

1. d4 Nf6 2. c4 c5 3. d5 e6 4. Nc3 exd5 5. cxd5 Bd6 6. Nf3 O-O 7. Bg5 Bc7 8. d6
{con d4 controlado permitir Cc6 no es tan grave si a cambio se retrasa el
desarrollo negro} Ba5 9. e3 (9. Nd2 h6 10. Bh4 Re8 11. e3 Nc6 12. Be2 Re6 13.
O-O Rxd6 14. Bxf6 Rxf6 15. Nde4 Re6 16. Nxc5 Re8 17. Nd5 d6 18. Nd3 Bb6 19.
N5f4 Bc5 20. Bg4 Be6 21. Nxe6 fxe6 22. b4 Nxb4 23. Nxb4 Bxb4 24. Qb3 Bc5 25.
Bxe6+ Kh8 26. Bd5 Rb8 27. Qd3 Qf6 28. g3 Re7 29. Kg2 Rf8 30. h4 Qf5 31. e4 Qf6
32. f4 Rd8 33. Rac1 b6 34. Qf3 g6 35. Rc2 Kg7 36. h5 g5 37. Qg4 Rf8 38. Rf3 Qa1
39. Rxc5 bxc5 40. fxg5 Rb8 41. Qf5 Kh8 42. Qg6 Qg7 43. gxh6 Qb2+ 44. Rf2 Qe5
45. Rf5 Qb2+ 46. Kh3 Rbe8 47. e5 {1-0 Beliavsky,A-Runic,Z/Bled 2002}) 9... Qb6
10. Qc2 ({es normal} 10. Bxf6 Qxb2 11. Qc1 Qxc1+ 12. Rxc1 gxf6 13. Nd2 $14)
10... Qxd6 11. Bc4 Qc6 ({demasiado lento, se imponía} 11... Bxc3+ 12. Qxc3 Ne4
13. Qc2 Qg6 14. Be7 Re8 15. Ne5 Qxg2 16. Bxf7+ Kh8 17. Bxe8 (17. O-O-O Rxe7)
17... Qxh1+ 18. Ke2 Qg2 19. Nf7+ Kg8 20. Qc4 Qxf2+ 21. Kd3 Qd2+ 22. Kxe4 d5+
23. Qxd5 Qg2+ 24. Ke5 Qxh2+ 25. Ke4 Qg2+ $11) 12. O-O-O Bxc3 13. Qxc3 Ne4 14.
Qc2 {Diagrama #} Nxg5 ({ahora perdería} 14... Qg6 15. Be7 Re8 16. Ne5) 15. Nxg5
Qg6 16. Qxg6 hxg6 17. h4 Nc6 18. h5 Ne5 19. hxg6 Nxg6 (19... Nxc4 20. Nxf7 Rxf7
21. Rh8+ $1 Kxh8 22. gxf7) 20. f4 Rb8 21. Rh2 (21. f5 Ne5 22. Rh4 Re8 23. Rh8+
$1 Kxh8 24. Nxf7+ Nxf7 (24... Kg8 25. Nxe5+ d5 26. Bxd5+ Be6 27. Bxe6+)) 21...
b5 {Diagrama #} (21... d5 22. Bxd5 Bg4 23. Rdh1 Rbd8 24. Bc4 $18) 22. f5 {
si 22...bxc4 23.fxg6 fxg6 24.Tdh1 +-, o si 22...Tb6 23.fxg6+-} 1-0